<?xml version="1.0" encoding="UTF-8"?><?xml-stylesheet type="text/xsl" href="static/style.xsl"?><OAI-PMH xmlns="http://www.openarchives.org/OAI/2.0/" xmlns:xsi="http://www.w3.org/2001/XMLSchema-instance" xsi:schemaLocation="http://www.openarchives.org/OAI/2.0/ http://www.openarchives.org/OAI/2.0/OAI-PMH.xsd"><responseDate>2026-04-18T02:24:46Z</responseDate><request verb="GetRecord" identifier="oai:riubu.ubu.es:10259/7652" metadataPrefix="marc">https://riubu.ubu.es/oai/request</request><GetRecord><record><header><identifier>oai:riubu.ubu.es:10259/7652</identifier><datestamp>2024-05-10T09:41:40Z</datestamp><setSpec>com_10259_4204</setSpec><setSpec>com_10259_5086</setSpec><setSpec>com_10259_2604</setSpec><setSpec>col_10259_5373</setSpec></header><metadata><record xmlns="http://www.loc.gov/MARC21/slim" xmlns:doc="http://www.lyncode.com/xoai" xmlns:xsi="http://www.w3.org/2001/XMLSchema-instance" xmlns:dcterms="http://purl.org/dc/terms/" xsi:schemaLocation="http://www.loc.gov/MARC21/slim http://www.loc.gov/standards/marcxml/schema/MARC21slim.xsd">
<leader>00925njm 22002777a 4500</leader>
<datafield tag="042" ind1=" " ind2=" ">
<subfield code="a">dc</subfield>
</datafield>
<datafield tag="720" ind1=" " ind2=" ">
<subfield code="a">Salas García, Miguel Ángel</subfield>
<subfield code="e">author</subfield>
</datafield>
<datafield tag="720" ind1=" " ind2=" ">
<subfield code="a">Pérez Acebo, Heriberto</subfield>
<subfield code="e">author</subfield>
</datafield>
<datafield tag="720" ind1=" " ind2=" ">
<subfield code="a">Calderón Carpintero, Verónica</subfield>
<subfield code="e">author</subfield>
</datafield>
<datafield tag="720" ind1=" " ind2=" ">
<subfield code="a">Gonzalo Orden, Hernán</subfield>
<subfield code="e">author</subfield>
</datafield>
<datafield tag="260" ind1=" " ind2=" ">
<subfield code="c">2020-11</subfield>
</datafield>
<datafield tag="520" ind1=" " ind2=" ">
<subfield code="a">Due to the considerable amount of waste plastics and polymers that are produced annually,&#xd;
the introduction of these waste products in construction materials is becoming a recurrent solution&#xd;
to recycle them. Among polymers, polyamide represents an important proportion of polymer&#xd;
waste. In this study, sustainable and lightweight mortars were designed and elaborated, substituting&#xd;
the aggregates by polyamide powder waste. Mortars were produced with various dosages of&#xd;
cement/aggregates, and the polyamide substitutions were 25, 50, 75, and 100% of the aggregates.&#xd;
The aim of this paper is to determine the density and the compressive strength of the manufactured&#xd;
mortars to observe the feasibility for being employed as masonry or rendering and plastering mortars.&#xd;
Results showed that with increasing polymer substitution, lower densities were achieved, ranging&#xd;
from 1850 to 790 kg/m3&#xd;
in modified mortars. Mortars with densities below 1300 kg/m3 are cataloged&#xd;
as lightweight mortars. Furthermore, compressive strength also decreased with more polyamide&#xd;
substitution. Obtained values in recycled mortars were between 15.77 and 2.10 MPa, but the majority&#xd;
of the values (eight out of 12) were over 5 MPa. Additionally, an economic evaluation was performed,&#xd;
and it was observed that the use of waste polyamide implies an important cost reduction, apart from&#xd;
the advantage of not having to manage this waste material. Consequently, not only the mechanical&#xd;
properties of the new recycled materials were verified as well as its economic viability.</subfield>
</datafield>
<datafield tag="024" ind2=" " ind1="8">
<subfield code="a">http://hdl.handle.net/10259/7652</subfield>
</datafield>
<datafield tag="024" ind2=" " ind1="8">
<subfield code="a">10.3390/polym12112657</subfield>
</datafield>
<datafield tag="024" ind2=" " ind1="8">
<subfield code="a">2073-4360</subfield>
</datafield>
<datafield ind1=" " ind2=" " tag="653">
<subfield code="a">Polyamide</subfield>
</datafield>
<datafield ind1=" " ind2=" " tag="653">
<subfield code="a">Waste material</subfield>
</datafield>
<datafield ind1=" " ind2=" " tag="653">
<subfield code="a">Waste polyamide</subfield>
</datafield>
<datafield ind1=" " ind2=" " tag="653">
<subfield code="a">Mortar</subfield>
</datafield>
<datafield ind1=" " ind2=" " tag="653">
<subfield code="a">Lightweight mortar</subfield>
</datafield>
<datafield ind1=" " ind2=" " tag="653">
<subfield code="a">Compressive strength</subfield>
</datafield>
<datafield ind1=" " ind2=" " tag="653">
<subfield code="a">Sustainable material</subfield>
</datafield>
<datafield tag="245" ind1="0" ind2="0">
<subfield code="a">Analysis and Economic Evaluation of the Use of Recycled Polyamide Powder in Masonry Mortars</subfield>
</datafield>
</record></metadata></record></GetRecord></OAI-PMH>